书目信息 |
| 题名: |
中国钢琴音乐创作与演奏的五度关系研究
|
|
| 作者: | 俞婕 , 王蕊君 著 | |
| 分册: | ||
| 出版信息: | 北京 中国国际广播出版社 2020.4 |
|
| 页数: | 218页 | |
| 开本: | 24cm | |
| 丛书名: | ||
| 单 册: | ||
| 中图分类: | J614.5 , J624.1 | |
| 科图分类: | ||
| 主题词: | 钢琴曲--作曲法--研究--中国 , 钢琴曲--钢琴演奏--研究--中国 | |
| 电子资源: | ||
| ISBN: | 978-7-5078-4663-8 | |
| 000 | 00970nam0 2200265 45 | |
| 001 | 012001000688 | |
| 005 | 20130909130426.0 | |
| 010 | @a978-7-5078-4663-8@dCNY60.00 | |
| 100 | @a20210104d2020 em y0chiy0110 ea | |
| 101 | 0 | @achi |
| 102 | @aCN@b110000 | |
| 105 | @ay z 000yy | |
| 106 | @ar | |
| 200 | 1 | @a中国钢琴音乐创作与演奏的五度关系研究@Azhong guo gang qin yin yue chuang zuo yu yan zou de wu du guan xi yan jiu@f俞婕, 王蕊君著 |
| 210 | @a北京@c中国国际广播出版社@d2020.4 | |
| 215 | @a218页@d24cm | |
| 330 | @a本书共分六章,内容包括:音乐律制概述、钢琴乐律分析、中国钢琴音乐创造理论、中国钢琴音乐创作技法研究、中国钢琴音乐演奏技法研究、中国钢琴音乐创作与演奏五度关系的处理。 | |
| 606 | 0 | @a钢琴曲@x作曲法@x研究@y中国 |
| 606 | 0 | @a钢琴曲@x钢琴演奏@x研究@y中国 |
| 690 | @aJ614.5@v5 | |
| 690 | @aJ624.1@v5 | |
| 701 | 0 | @a俞婕@Ayu jie@4著 |
| 701 | 0 | @a王蕊君@Awang rui jun@4著 |
| 801 | @aCN@b江苏凤凰@c20211018 | |
| 905 | @b1340640-3@dJ614.5@e1264@f4 | |
| 中国钢琴音乐创作与演奏的五度关系研究/俞婕, 王蕊君著.-北京:中国国际广播出版社,2020.4 |
| 218页;24cm |
| ISBN 978-7-5078-4663-8:CNY60.00 |
| 本书共分六章,内容包括:音乐律制概述、钢琴乐律分析、中国钢琴音乐创造理论、中国钢琴音乐创作技法研究、中国钢琴音乐演奏技法研究、中国钢琴音乐创作与演奏五度关系的处理。 |
| ● |
| 相关链接 |
|
|
|
|
正题名:中国钢琴音乐创作与演奏的五度关系研究
索取号:J614.5/1264
 
预约/预借
| 序号 | 登录号 | 条形码 | 馆藏地/架位号 | 状态 | 备注 |
| 1 | 1340640 | 213406401 | 第一样本阅览室/ [索取号:J614.5/1264] | 在馆 | |
| 2 | 1340641 | 213406410 | 第一借阅区/ [索取号:J614.5/1264] | 在馆 | |
| 3 | 1340642 | 213406429 | 第一借阅区/ [索取号:J614.5/1264] | 在馆 | |
| 4 | 1340643 | 213406438 | 第一借阅区/ [索取号:J614.5/1264] | 在馆 |